| 000 | 01247nam a22002897a 4500 | ||
|---|---|---|---|
| 005 | 20101206113148.0 | ||
| 008 | 101206t xxu||||| |||| 00| 0 hin d | ||
| 010 | _aHIN-93273 | ||
| 020 |
_c170.00 _a8190261096 |
||
| 035 | _aHN-65619 | ||
| 037 | _bDBAD/PUB | ||
| 040 |
_aDPL _bHN |
||
| 082 | _a613 | ||
| 100 |
_924598 _aपाण्डेय, प्रभुदेव |
||
| 245 |
_aआजीवन स्वस्थ कैसे रहें / _cप्रभुदेव पाण्डेय |
||
| 250 | _a2रा संस्क | ||
| 260 |
_aइलाहाबाद _bसर्वेश प्रकाशन _c2009 |
||
| 270 |
_bइलाहाबाद _a1, बाई का बाग _e211003 |
||
| 300 |
_a136पृ. _c22सेमी (सजिल्द) |
||
| 500 | _aप्राकृतिक जीवन पद्धति पर आधारित सभी आयुवर्ग के लिए उपयोगी | ||
| 650 | _91169 | ||
| 650 | _929580 | ||
| 700 | _924599 | ||
| 700 | _924924 | ||
| 942 |
_2ddc _cHN _mपाण्डेय _h613 |
||
| 999 |
_c54042 _d54042 |
||